=LDR 00000nam 2200000 4500 =001 INLIS000000000023785 =005 20130612122420 =008 ***********************************Ind** =035 ##$$0010-061300000023785 =041 ##$$a Ind =082 ##$$a 979 =090 ##$$a 979, Muj b =100 ##$$a Mujiman, Ahmad =245 ##$$a Budidaya bandeng di tambak, Ahmad Mujiman =260 ##$$a 1983 $b Jakarta =300 ##$$a 103 hlm, ilus, 21 cm =650 ##$$a Bandeng-Budidaya =850 ##$$a NBPNMAT